| 000 | 00405nam a2200133Ia 4500 | ||
|---|---|---|---|
| 005 | 20260328101450.0 | ||
| 008 | 260328s9999||||xx |||||||||||||| ||und|| | ||
| 100 | _aLópez de Asiaín, Jaime | ||
| 245 | 0 |
_aEl Espíritu de la tercera generación en la Arquitectura sevillana de los Años 60 / _cJaime López de Asiaín |
|
| 260 | _bEgondi | ||
| 300 | _a64 p. | ||
| 650 | _aARQUITECTURA REGIONAL | ||
| 942 | _cBK | ||
| 999 |
_c8606 _d8606 |
||